Normal view
MARC view
- الاعاقة السمعية - الصم والبكم - رعاية
Entry Topical Term
001 - CONTROL NUMBER
- control field: 31685
003 - CONTROL NUMBER IDENTIFIER
- control field: JO-AjAnu
005 - DATE AND TIME OF LATEST TRANSACTION
- control field: 20230606075331.0
008 - FIXED-LENGTH DATA ELEMENTS
- fixed length control field: 230606|| aca||aabn | a|a d
040 ## - CATALOGING SOURCE
- Original cataloging agency: JO-AjAnu
- Transcribing agency: JO-AjAnu
150 ## - HEADING--TOPICAL TERM
- Topical term or geographic name entry element: الاعاقة السمعية - الصم والبكم - رعاية
670 ## - SOURCE DATA FOUND
- Source citation: Work cat.: (JO-AjAnu)16268: تأليف: خصاونة، محمد احمد / م.مشارك: محمد عبد ربه الخوالدة، عنان راشد ابو مريم, author 31684, المدخل الى الاعاقة السمعية